00304nam a2200121Ia 4500008004100000041000900041082001800050100001800068245004900086260003100135300000800166650000800174230718s9999 xx 000 0 und d aEng. a344.46bALA-I aAlam, Shawkai 0aInternational Environment lapward the Global aPakistanbcamberidgec2015 a625 aLaw